000 00672nam a2200277Ia 4500
005 20260324144720.0
008 008 260324s9999 xx 000 0 eng d
020 _a9780203037898
037 _aEBOOK
040 _aCRL
040 _beng
040 _cCRL
041 _2eng
041 _aeng
084 _qCRL
100 _aShaikha Haya Ali Al Khalifa; Michael Rice
_91220346
245 0 _aBahrain Through The Ages - the Archaeology
260 _bTaylor and Francis
260 _c1986
365 _a
365 _b480
856 _uhttp://www.taylorfrancis.com/books/9780203037898
942 _cEBOOK
999 _c1827303
_d1827303